|
|
|
|
| LEADER |
00000cam a2200000 7i4500 |
| 001 |
0000000142 |
| 005 |
20000708.0 |
| 020 |
0 |
0 |
|a 190191903X
|
| 090 |
0 |
0 |
|a 338.9595
|b MAL 1997
|
| 245 |
0 |
0 |
|a Malaysia today towards the new millenium
|
| 260 |
0 |
0 |
|a London :
|b ASEAN Academic Press ,
|c 1997
|
| 300 |
|
|
|a 349 p. ;
|c 23 cm.
|
| 500 |
0 |
0 |
|a Includes index
|
| 650 |
0 |
0 |
|a Industrialization
|z Malaysia
|
| 651 |
0 |
0 |
|a Malaysia
|x Economic conditions
|
| 651 |
0 |
0 |
|a Malaysia
|x Economic policy
|
| 651 |
0 |
0 |
|a Malaysia
|x Foreign economic relations
|
| 651 |
0 |
0 |
|a Malaysia
|x Foreign relations
|
| 999 |
|
|
|a 0000001352
|b Monograph
|c Open Shelf
|e Default branch
|